header

Differences and changes in wage structures (Record no. 129007)

MARC details
000 -LEADER
fixed length control field 01596nam a2200361Ia 4500
245 00 - TITLE STATEMENT
Title Differences and changes in wage structures
260 ## - PUBLICATION, DISTRIBUTION, ETC. (IMPRINT)
Place of publication Chicago :
Name of publisher University of Chicago Press,
Year of publication 1995.
300 ## - PHYSICAL DESCRIPTION
Number of Pages ix, 461 p. :
Other physical details ill.
490 1# - SERIES STATEMENT
Series statement NBER Comparative labor markets series
500 ## - GENERAL NOTE
General note "Papers ... presented at conferences held at the Center for Economic Performance (CEP) of the London School of Economics and at the NBER"--Pref.
650 #0 - SUBJECT ADDED ENTRY--TOPICAL TERM
Topical Term Labor costs
Topical Term Wages
700 1# - ADDED ENTRY--PERSONAL NAME
Personal name Freeman, Richard B.
Personal name Katz, Lawrence F.
856 40 - ELECTRONIC LOCATION AND ACCESS
Uniform Resource Identifier http://site.ebrary.com/lib/rucke/Doc?id=10216980

No items available.

© 2026 Rongo University
Contact us: librarian | system librarian | Rongo university